Дело по представлению правления Белорусского учебного округа, следует ли давать отчет в суммах Благородного пансиона при Второй ...

Доступно только в Электронных читальных залах Найти на картеНа карте
RUSMARC
00003841nmc2a22002413x 450
0016729641c-0ea3-4ca5-871f-7353ace6ac48
00520260203201950.0
100##$a20250731l18351835k l0rusy0189 ca
1010#$arus
102##$aRU
105##$ay###
1222#$ad
2001#$aДело по представлению правления Белорусского учебного округа, следует ли давать отчет в суммах Благородного пансиона при Второй Виленской гимназии почетному попечителю и получать от него шнуровую книгу на записку прихода и расхода таковых сумм
$j4-12 декабря 1835 г.
215##$a7 л.
$d36,5х26 см
251##$cДело
300##$aНа бланке обложки указано: "Отделение третье. Стол второй, счетный"
371##$aДокумент не является опубликованным и широко распространяемым
461#0$1001a74412a3-3cc5-4d21-8f0a-dfe2fbd9e72d
$12001
$aДепартамент народного просвещения Министерства народного просвещения (1803-1917)
$1251
$cФонд
$1852
$j733
462#0$1001ccc93d8c-a161-4593-b7db-1a3e4c2bc189
$12001
$aДела счетного отделения Департамента народного просвещения за 1819-1838 годы
$1251
$cОпись
$1852
$j111
801#0$aRU
$bРГИА
$c20250731
$gRCR
801#1$aRU
$bГлавНИВЦ
$c20250731
$2rusmarc
801#2$aRU
$bПБ им. Б.Н. Ельцина
$c20260203
$gRCR
$2rusmarc
850##$aРГИА
852##$aРГИА
$eФедеральное казенное учреждение "Российский государственный исторический архив" (РГИА)
$j699
937##$hРГИА
$d12095754
$aASBIBLIO_SCAN
035##$aRusGRCC00088971
856##$uhttp://readingroom.main.prlib.ru/item.aspx?id_node=n200364456&mode=full
Формат отображения